| 000 | 00941nam a2200301Ia 4500 | ||
|---|---|---|---|
| 003 | OSt | ||
| 005 | 20221006160500.0 | ||
| 006 | a|||||r|||| 00| 0 | ||
| 007 | ta | ||
| 008 | 221006b |||||||| |||| 00| 0 eng d | ||
| 020 |
_a9788971059203 _cW12,000 |
||
| 024 | _a45,287 | ||
| 037 |
_bGiftW25,000, KCC (Window on Korea) _cTextual |
||
| 040 |
_aEASL _cEASL _beng |
||
| 041 |
_2eng _aeng |
||
| 082 | _aY:351.495, Q3 | ||
| 100 |
_alSheen Dae-Cheo Ed. _9673826 |
||
| 245 | 0 |
_aArirang in Korean culture and beyond _b Arirang from diverse perpectives |
|
| 260 |
_aGyeonggi-do _bThe Academy of Korean Studies Press Korea _c2013 |
||
| 300 |
_a309 _ccm. |
||
| 490 | _v KEL | ||
| 650 | _a KEL | ||
| 650 |
_a Korea - Asia _9673827 |
||
| 650 |
_a Korea - Music _9671802 |
||
| 650 | _aKorea - Culture | ||
| 942 |
_hY:351.495, Q3 _cTEXL _2CC |
||
| 999 |
_c1113379 _d1113379 |
||